02276nam a22002297a 4500003000400000020001800004082001300022100002200035245006500057250000800122260002900130300000800159650002700167653105600194942001701250952015601267952015701423952015701580952015701737952013701894999001502031SGT a9788131732519 a382, SHA aSHARAN,VYUPTAKESH aINTERNATIONAL BUSINESS: CONCEPTS, ENVIRONMENTAL AND STRATEGY a3RD aNEW DELHIbPEARSONc2011 a603 aINTERNATIONAL COMMERCE aPART I: CONCEPTS OF INTERNATIONAL BUSINESS 1. OVERVIEW OF INTERNATIONAL BUSINESS 2. MODES OF INTERNATIONAL BUSINESS 3. THEORIES OF INTERNATIONAL TRADE 4. THEORETICAL FRAMEWORK OF FOREIGN DIRECT INVESTMENT 5. BALANCE OF PAYMENTS PART 2: INTERNATIONAL BUSINESS ENVIRONMENT 6. NATIONAL REGULATION OF INTERNATIONAL BUSINESS 7. NATIONAL REGULATION OF INTERNATIONAL BUSINESS 8. REGIONAL ECONOMIC INTEGRATION 9. POLITICAL AND LEGAL ENVIRONMENT 10. ECONOMIC ENVIRONMENT 11. SOCIO-CULTURAL AND ETHICAL ENVIRONMENT 12. INTERNATIONAL FINANCIAL ENVIRONMENT: EXCHANGE RATE 13. INTERNATIONAL FINANCIAL MARKETS PART 3: STRATEGY OF INTERNATIONAL BUSINESS 14. STRATEGY, PLANNING, ORGANIZATION, AND CONTROL 15. GLOBAL TECHNOLOGY MANAGEMENT 16. MANAGEMENT OF INTERNATIONAL OPERATIONS 17. INTERNATIONAL MARKET STRATEGY 18. GLOBAL HUMAN RESOURCE MANAGEMENT 19. INTERNATIONAL INVESTMENT AND FINANCING STRATEGY 20. MANAGEMENT OF EXCHANGE RATE AND INTEREST RATE RISK 21. INTERNATIONAL TAXATION AND ACCOUNTING 22. HOST COUNTRY HETEROGENEITY AND INTERNATIONAL BUSINESS STRATEGY 2ddccFCM012 00102ddc40708CMaSSSLbSSSLcDISPLAYd2016-06-01eUBSPDg435.00iSGTUl9o382, SHApCM434r2026-01-16 00:00:00s2025-08-11w2014-12-28yFCMk364029 00102ddc40708CMaSSSLbSSSLcDISPLAYd2016-06-01eUBSPDg435.00iSGTUl20o382, SHApCM435r2023-06-13 00:00:00s2023-06-13w2014-12-28yFCMk364029 00102ddc40708CMaSSSLbSSSLcDISPLAYd2016-06-01eUBSPDg435.00iSGTUl18o382, SHApCM436r2022-06-20 00:00:00s2022-05-28w2014-12-28yFCMk364029 00102ddc40708CMaSSSLbSSSLcDISPLAYd2016-06-01eUBSPDg435.00iSGTUl19o382, SHApCM437r2026-01-21 00:00:00s2026-01-13w2014-12-28yFCMk364029 00102ddc40718CMaSSSLbSSSLcREFd2016-06-01eUBSPDg435.00iSGTUo382, SHApCM438r2016-06-01 00:00:00w2014-12-28yFCMk364029 c8868d8868